Universidad de Salamanca : (Record no. 117925)

MARC details
000 -LEADER
campo de control de longitud fija 00852nam a2200229 4500
001 - NÚMERO DE CONTROL
campo de control 117925
003 - IDENTIFICADOR DE NÚMERO DE CONTROL
campo de control ES-MaACL
005 - FECHA Y HORA DE LA ÚLTIMA TRANSACCIÓN
campo de control 20250707074011.0
007 - CAMPO FIJO DE DESCRIPCIÓN FÍSICA--INFORMACIÓN GENERAL
campo de control de longitud fija t|
008 - DATOS DE LONGITUD FIJA--INFORMACIÓN GENERAL
campo de control de longitud fija 070214s1954 sp r ||||1| spa d
100 1# - ENTRADA PRINCIPAL--NOMBRE DE PERSONA
Nombre de persona Pereña, Luciano.
9 (RLIN) 90516
245 10 - MENCIÓN DEL TÍTULO
Título Universidad de Salamanca :
Resto del título forja del pensamiento político español en el siglo XVI /
Mención de responsabilidad, etc. Luciano Pereña.
260 ## - PUBLICACIÓN, DISTRIBUCIÓN, ETC.
Lugar de publicación, distribución, etc. Salamanca :
Nombre del editor, distribuidor, etc. Universidad de Salamanca,
Fecha de publicación, distribución, etc. 1954.
300 ## - DESCRIPCIÓN FÍSICA
Extensión 170 p. ;
Dimensiones 24 cm.
490 1# - MENCIÓN DE SERIE
Mención de serie Acta salmanticensia. Historia de la Universidad ;
Designación de volumen o secuencia t. I ;
-- 2
610 24 - PUNTO DE ACCESO ADICIONAL DE MATERIA--NOMBRE DE ENTIDAD CORPORATIVA
Nombre de entidad corporativa o nombre de jurisdicción como elemento de entrada Universidad de Salamanca-
Subdivisión general Historia.
9 (RLIN) 7276
650 00 - PUNTO DE ACCESO ADICIONAL DE MATERIA--TÉRMINO DE MATERIA
Término de materia o nombre geográfico como elemento de entrada Política-
Subdivisión geográfica España-
Subdivisión cronológica S.XVI.
9 (RLIN) 16271
710 2# - ENTRADA AGREGADA--NOMBRE DE ENTIDAD CORPORATIVA
Nombre de entidad corporativa o nombre de jurisdicción como elemento de entrada Universidad de Salamanca.
9 (RLIN) 7275
830 10 - PUNTO DE ACCESO ADICIONAL DE SERIE-TÍTULO UNIFORME
Título uniforme Acta Salmanticensia. Historia de la Universidad
Designación de volumen o secuencia t. I ;
-- 2
9 (RLIN) 178181
852 ## - LOCALIZACIÓN
Ubicación ES-MaACL
Número de control de estantería C-7768
Holdings
Estatus retirado Estado de pérdida Estado de daño No para préstamo Biblioteca de origen Biblioteca actual Ubicación en estantería Fecha de adquisición Fuente de adquisición Total de préstamos Signatura topográfica completa Código de barras Visto por última vez Precio de reemplazo Tipo de ítem Koha
        Biblioteca del Ateneo de Madrid Biblioteca del Ateneo de Madrid Sala Palomar 17/01/2008     C-7768 1122940 23/02/2023 23/02/2023 Libro impreso